Abraham Lincoln's philosophy of common sense : an analytical biography of a Great Mind /

Guardado en:
Autor Principal: Kempf, Edward J.
Formato: Libro
Idioma:Spanish
Publicado: New York : Academic Science, 1965.
Materias:
Etiquetas: Agregar Etiqueta
Sin Etiquetas, Sea el primero en etiquetar este registro!
LEADER 00534nam a22001575a 4500
001 EUN.um054871
003 AR-BaUNS
005 20050623122920.0
008 041125s1965####xxua##########000#0#spa#d
245 1 0 |a Abraham Lincoln's philosophy of common sense :  |b an analytical biography of a Great Mind /  |c Edward J. Kempf. 
260 |a New York :  |b Academic Science,  |c 1965. 
300 |a 3 v. :  |b ilus. ;  |c 23 cm. 
100 1 |a Kempf, Edward J. 
082 0 4 |a 923 
653 |a Lincoln, Abraham 
859 |a Ar-BaUNS  |b BIB. CENTRAL - Sector C  |h 923  |i L638k  |p D726/965  |v v.1